00431 2200169 4500001002100000005001500021008004100036020001800077035001900095041000600114082000800120090001400128100002800142245002300170260004200193300002600235INLIS00000000000012320241224112124241224||||||||| | ||| |||| ||  a979-461-404-1 0010-1224000123 a00 a330 a330 HOE g0 aJan Hoesada dan Sutiman00aGlosarium Kenangan aJakartabYayasan Obor Indonesiac2002 aviii, 128 hlm.; 21 cm